| 000 | 00439nam a2200181Ia 4500 | ||
|---|---|---|---|
| 005 | 20240823010950.0 | ||
| 008 | 240823s9999||||xx |||||||||||||| ||und|| | ||
| 041 | _aENGLISH | ||
| 082 | _A604.2 P1 | ||
| 100 | _aVenugopal K | ||
| 245 | 0 | _aEngineering Drawing and Graphics + AutoCAD | |
| 250 | _a4th | ||
| 260 |
_c2001 _b"New Age,New Delhi" |
||
| 500 | _aTRANSFERED | ||
| 650 |
_aAutoCad _bMechanical |
||
| 942 | _cBK | ||
| 999 |
_c160154 _d160154 |
||